Friendly Emissions (Record no. 83356)

MARC details
000 -LEADER
fixed length control field 00843cab a22001815a 4500
001 - CONTROL NUMBER
control field L153717
008 - FIXED-LENGTH DATA ELEMENTS--GENERAL INFORMATION
fixed length control field 110822e2011 xxk 000 0 eng d
035 ## - SYSTEM CONTROL NUMBER
System control number (Sirsi) u153717
041 0# - LANGUAGE CODE
Language code of text/sound track or separate title eng
100 1# - MAIN ENTRY--PERSONAL NAME
Personal name Cox, Alexander
245 00 - TITLE STATEMENT
Title Friendly Emissions
Remainder of title Green tax regime
260 ## - PUBLICATION, DISTRIBUTION, ETC.
Date of publication, distribution, etc. 2011
520 ## - SUMMARY, ETC.
Summary, etc. Incentives available to encourage investment in greener technologies and products. These include enhanced capital allowances, set tariffs, reduced VAT and stamp duty land tax exemptions. Also mentions the reasons for environmental taxes and their role in levelling the playing field between traditional, high carbon technologies and newer greener ones which are often more expensive.
590 ## - LOCAL NOTE (RLIN)
Local note KA
651 #4 - SUBJECT ADDED ENTRY--GEOGRAPHIC NAME
Geographic name United Kingdom
690 ## - LOCAL SUBJECT ADDED ENTRY--TOPICAL TERM (OCLC, RLIN)
Topical term or geographic name as entry element ENVIRONMENTAL AND LAND CONSULTANCY-SUSTAINABILITY-SUSTAINABLE DEVELOPMENT
942 ## - ADDED ENTRY ELEMENTS (KOHA)
Suppress in OPAC 0
Holdings
Withdrawn status Lost status Source of classification or shelving scheme Damaged status Not for loan Home library Current library Shelving location Date acquired Total Checkouts Full call number Barcode Date last seen Copy number Price effective from Koha item type
    Dewey Decimal Classification     London London Journal article 22/08/2011   L153717 153717-1001 06/08/2019 1 06/08/2019 Journal article